| 000 | 00950aam a2200337 4500 | ||
|---|---|---|---|
| 005 | 20220823135827.0 | ||
| 008 | 150721b xxu||||| |||| 00| 0 spa d | ||
| 041 | _aEspañol | ||
| 082 | _a371.39 E24e | ||
| 245 | _aEducación creativa: proyectos escolares | ||
| 260 | _aMéxico | ||
| 260 | _bLexus | ||
| 260 | _c2005 | ||
| 300 | _a800 páginas | ||
| 650 |
_aAPRENDIZAJE _964388 |
||
| 650 |
_aPROYECTOS ESCOLARES _915243 |
||
| 650 |
_aCREATIVIDAD _964389 |
||
| 650 |
_aJUEGOS _92123 |
||
| 650 |
_aIMAGEN CORPORAL _915245 |
||
| 650 |
_aLENGUAJE CORPORAL _98409 |
||
| 650 |
_aESCENOGRAFÍA _915246 |
||
| 650 |
_aEDUCACIÓN PRIMARIA _964390 |
||
| 650 |
_aCLASIFICACIÓN DE JUEGOS _915248 |
||
| 650 |
_aJUEGOS TRADICIONALES _92436 |
||
| 650 |
_aJUEGOS CORPORALES _915249 |
||
| 650 |
_aJUEGOS CON OBJETOS _915250 |
||
| 650 |
_aJUEGOS DIDÁCTICOS _915251 |
||
| 650 |
_aACERTIJOS _915252 |
||
| 650 |
_aEXPERIMENTOS _964391 |
||
| 942 | _cBK | ||
| 999 |
_c187 _d187 |
||